Daňové priznanie k dani z príjmov fyzických osôb za rok 1998

Ustanovenie zákona č. 286/1992 Zb. o daniach z príjmov v znení neskorších predpisov. Hlavné zásady týkajúce sa väčšiny daňovníkov.

Salvato in:
Dettagli Bibliografici
Autore principale: Bieliková, Mária
Natura: Capitolo di libro
Lingua:slovacco
Soggetti:
Tags: Aggiungi Tag
Nessun Tag, puoi essere il primo ad aggiungerne!!

MARC

LEADER 00000naa a2200000 4500
001 r034037
005 20230919114203.8
041 0 |a slo 
044 |a SK 
245 1 0 |a Daňové priznanie k dani z príjmov fyzických osôb za rok 1998  |c Mária Bieliková 
520 |a Ustanovenie zákona č. 286/1992 Zb. o daniach z príjmov v znení neskorších predpisov. Hlavné zásady týkajúce sa väčšiny daňovníkov. 
610 2 0 |a dane z príjmov 
610 2 0 |a zákony 
610 2 0 |a osoby fyzické 
610 2 0 |a osoby právnické 
610 2 0 |a sadzby daňové 
610 2 0 |a priznania daňové 
610 2 0 |a Slovensko 
610 2 0 |a 1998 
100 1 |a Bieliková, Mária